00520nam a2200145Ia 450000500170000000800410001702000180005808200130007610000190008924500320010826000240014030000140016450001840017865000120036220250723104355.0250723s9999 xx 000 0 und d a9780140247688 a947bPIP aPipes, Richard 0aRussia Under the Old Regime bPenguin Booksc1995 a390 pages aDiscusses the evolution of the Russian state from the ninth century to the 1880s including the geography, development of government, and political behavior of major social groups. aHistory